Rebeca de ribeirão dourado (Registo nº 44317)

Detalhes MARC
000 -Etiqueta do registo
campo de controlo de comprimento fixo 007740000a22002410004500
001 - Identificador do registo
Campo de controlo 44317
100 ## - Dados Gerais de Proc.
Dados gerais de processamento 20071107d1964 k y0pory5003 ba
101 0# - Língua da publicação
Língua do texto, banda sonora, etc. Português
102 ## - País de Publicação
País de publicação Portugal
200 1# - Título
Título próprio Rebeca de ribeirão dourado
Primeira menção de responsabilidade Kate Douglas Wiggin
Outras menções de responsabilidade trad. Helena Lousada; il. Carmo Cabral de Campos
210 ## - Publicação, Distribuição
Lugar da edição, distribuição, etc. Barcelos
Nome do editor, distribuidor, etc. Civilização
Data da publicação, distribuição, etc. 1964
215 ## - Descrição física
Descrição física 316, [2] p.
Outras indicações físicas il
304 ## - Título e responsabilidade
Texto da nota Tít. orig.: Rebeca of Sunnybrook farm.
606 ## - Nome comum
Elemento de entrada Literatura estrangeira
606 ## - Nome comum
Elemento de entrada Literatura juvenil
606 ## - Nome comum
Elemento de entrada Conto
675 ## - CDU
Notação 85
Língua da edição Português
700 #1 - Responsabilidade principal
Palavra de ordem Wiggin
Outra parte do nome Kate Douglas
702 #1 - Responsabilidade secundária
Koha Internal Code 28645
Código de função Tradutor
Palavra de ordem Lousada
Outra parte do nome Helena
702 ## - Responsabilidade secundária
Koha Internal Code 12224
Código de função Ilustrador
Palavra de ordem Campos
Outra parte do nome Carmo Cabral de
090 ## - Números de controlo do sistema (Koha)
Número biblioitem do Koha (gerado automaticamente) 44317
942 ## - Elementos de entrada adicionados (Koha)
Tipo de item no Koha Monografias
Suprimido Disponível no OPAC
999 ## - Campo local
Campo local 44317
Exemplares
Removido (estado) Perdido (estado) Data de aquisição Origem do registo (biblioteca) (codificado) Código da organização que empresta ou é detentora (biblioteca) Código de barras Número de inventário Cota Tipo de circulação (não pode ser emprestado) Tipo de item e material Data da publicação, distribuição, etc.
Disponível Disponível 2007-11-07 Biblioteca da Escola Secundária Dr. Jorge Augusto Correia Biblioteca da Escola Secundária Dr. Jorge Augusto Correia BESJAC1367 1367 85J WIG Normal Monografias 1964